Tintin de A à Z - BD - Statistiques

Statistiques générales
  • Ce quiz a été pris 215 fois
  • Le résultat moyen est 13 sur 26
Statistiques - réponses
Indice Réponse % Correct
Sur les Dupondt, elle pousse à toute allure B Barbe
91%
Prénom du Capitaine A Archibald
83%
Sur une île, il pousse à toute allure C Champignon
80%
On l'a beaucoup reproché à l'album "Tintin au Congo" X Xénophobie
78%
Petit avion pratique en mer H Hydravion
77%
Nom plus connu du Migou Y Yéti
68%
Départ de l'expédition pour rechercher Tchang N Népal
66%
Juron favori de Tintin S Sapristi
66%
Une lunette pour un châtelain M Monocle
64%
Premier bateau du Capitaine K Karaboudjan
60%
Sous produit des déjections de goélands G Guano
59%
Une fleur qui porte le nom d'un rossignol R Rose
59%
On y va grâce au pendule O Ouest
57%
Camériste soumise à beaucoup de caprices I Irma
56%
Petit vendeur d'oranges Z Zorrino
56%
Donne de mauvais conseils au Capitaine (et parfois à Milou) D Diable
54%
Il finira en orbite W Wolf
41%
Célèbre marque de whisky L Loch Lomond
33%
Ses moustaches sont célèbres P Plekszy Gladz
26%
C'est un lama lévitant F Foudre bénie
25%
Mal employés par les Bordures, ils peuvent détruire une ville U Ultra sons
24%
Elle sauve les héros in extremis E Eclipse
23%
Groupe floklorique "lampionesque" J Joyeux Turlurons
23%
Ancêtre de la télé : Supercolor......... T Tryphonar
15%
Juron du Chevalier de Hadoque Q Que le grand Cric me croque !
13%
On y trouve des maquettes de licornes à vendre V Vieux marché de Bruxelles
11%
Aucun quiz correspondant
Distribution des résultats
% des personnes avec chaque résultat
Percentile par nombre de réponses
Votre historique - résultats
Vous n’avez pas pris ce quiz